[Event "Challenge"]
[Site "http://www.queenalice.com/game.php?id=1555483"]
[Date "2019.1.5"]
[Round "-"]
[White "Tungstenio"]
[Black "dejami"]
[Result "0-1"]
[WhiteElo "1446"]
[BlackElo "1708"]

1. Nc3 e6 2. Nf3 c6 3. g3 b5 4. a3 Nf6 5. d4 d5 6. Bg2 Qa5 7. b4 Qd8 8. O-O Bd6
9. Ng5 h6 10. Nf3 g5 11. Qd3 Qb6 12. a4 Bxb4 13. Bb2 Nbd7 14. axb5 c5 15. Na4
Qb7 16. Bc3 c4 17. Qd2 Ne4 18. Qe3 Qxb5 19. Rfb1 Nxc3 20. Nxc3 Qb8 21. Ne5 Nxe5
22. dxe5 a5 23. Na2 Bb7 24. Nxb4 axb4 25. Rxb4 Rxa1+ 26. Bf1 O-O 27. f4 gxf4 28.
Qxf4 Kh7 29. Kf2 Qa7+ 30. e3 Bc6 31. Bg2 Ra2 32. g4 Rxc2+ 33. Kg3 Re2 34. Bf3
Rxe3 35. g5 Rg8 36. Qf6 Rxg5+ 37. Kf4 Rf5+ 0-1

[Event "Challenge"]
[Site "http://www.queenalice.com/game.php?id=1555484"]
[Date "2019.1.5"]
[Round "-"]
[White "dejami"]
[Black "Tungstenio"]
[Result "1-0"]
[WhiteElo "1681"]
[BlackElo "1458"]

1. e4 Nf6 2. Qf3 e5 3. h3 Bd6 4. g4 O-O 5. g5 Nxe4 6. Qxe4 Qxg5 7. Nc3 Nc6 8.
Nf3 f5 9. Qd5+ Rf7 10. Nxg5 Nd8 11. Nxf7 Nxf7 12. Bc4 h5 13. Qxf7+ Kh7 14. Qxh5#
1-0

[Event "Challenge"]
[Site "http://www.queenalice.com/game.php?id=1556090"]
[Date "2019.1.10"]
[Round "-"]
[White "Tungstenio"]
[Black "nsarquis"]
[Result "0-1"]
[WhiteElo "1451"]
[BlackElo "1629"]

1. Nf3 e6 2. g3 d5 3. d4 Nf6 4. Bg5 Be7 5. Ne5 O-O 6. Nc3 h6 7. Be3 Bb4 8. Bg2
Nc6 9. a3 Bxc3+ 10. bxc3 Nxe5 11. dxe5 Ne4 12. f3 Nxc3 13. Qd3 Na4 14. O-O b6
15. c4 Ba6 16. Rfc1 Nb2 17. Qb3 Nxc4 18. Bd4 c5 19. Bf2 Nxe5 20. f4 Nc6 21. f5
Bxe2 22. fxe6 fxe6 23. Be3 Rc8 24. Rc2 Qf6 25. Rxe2 Qxa1+ 0-1

[Event "Challenge"]
[Site "http://www.queenalice.com/game.php?id=1556355"]
[Date "2019.1.12"]
[Round "-"]
[White "zemari"]
[Black "Tungstenio"]
[Result "1-0"]
[WhiteElo "1523"]
[BlackElo "1472"]

1. e4 e5 2. Nf3 Qf6 3. d4 Nc6 4. d5 Nd4 5. Be2 Bc5 6. c3 Nxe2 7. Qxe2 h6 8. Be3
d6 9. Bxc5 dxc5 10. Qb5+ c6 11. Qxc5 Bd7 12. d6 b6 13. Qxe5+ Kf8 14. Qxf6 Nxf6
15. e5 Ne4 16. Nbd2 Nxd2 17. Kxd2 Re8 18. Rhe1 h5 19. h4 Re6 20. Rad1 Rg6 21. g3
Bg4 22. Re3 f5 23. Rde1 f4 24. gxf4 Bf5 25. Ng5 Ke8 26. b4 Rf8 27. c4 Kd8 28.
Ra3 a5 29. bxa5 bxa5 30. Rxa5 Bg4 31. Ra8+ Bc8 32. Re4 Re8 33. c5 Kd7 34. Ra7+
Kd8 35. Nf7# 1-0

[Event "Challenge"]
[Site "http://www.queenalice.com/game.php?id=1556356"]
[Date "2019.1.12"]
[Round "-"]
[White "Tungstenio"]
[Black "zemari"]
[Result "0-1"]
[WhiteElo "1487"]
[BlackElo "1508"]

1. Nf3 f6 2. g3 d5 3. e3 e5 4. Nc3 Bg4 5. h3 Bh5 6. g4 Bf7 7. Qe2 Bd6 8. d4 e4
9. Qb5+ Nd7 10. Nd2 c6 11. Qxb7 Rb8 12. Qxa7 Be6 13. Bg2 Ne7 14. a4 Bb4 15. Qa6
Bxc3 16. bxc3 O-O 17. Ba3 Rf7 18. c4 Qc8 19. Qa7 Kh8 20. Nb3 Nf8 21. Nc5 Ng8 22.
Nxe6 Rxa7 23. Nxf8 Qe8 24. Bc5 Rab7 25. Ke2 Rf7 26. Nxh7 Kxh7 27. cxd5 cxd5 28.
Rac1 Qxa4 29. c4 Qa2+ 30. Kd1 Rfb7 31. Rc2 Rb1+ 32. Kd2 Qa5+ 33. Ke2 Qa4 34.
cxd5 Qxc2# 0-1

[Event "Let's Play F-35"]
[Site "http://www.queenalice.com/game.php?id=1556372"]
[Date "2019.1.13"]
[Round "-"]
[White "Rider"]
[Black "Tungstenio"]
[Result "1-0"]
[WhiteElo "1698"]
[BlackElo "1461"]

1. c4 Nc6 2. d4 e6 3. e3 g6 4. a3 Nf6 5. Nf3 b6 6. Be2 Ne4 7. d5 Nb4 8. axb4
Bxb4+ 9. Bd2 Qe7 10. Ra4 a5 11. Bxb4 axb4 12. Rxa8 O-O 13. O-O Bb7 14. Rxf8+
Kxf8 15. Qd4 Nf6 16. dxe6 Qxe6 17. c5 Ne4 18. Rd1 bxc5 19. Qxd7 Qb6 20. Bd3 Nf6
21. Qd8+ Ne8 22. Ne5 Bc6 23. Be4 Bxe4 24. Nd7+ Kg7 25. Qxe8 Qc6 26. Qe5+ f6 27.
Qe7+ Kh6 28. Nxf6 Bc2 29. Rc1 b3 30. Ng8+ Kh5 31. Qxh7+ Kg4 32. Nh6+ Kg5 33.
Nf7+ Kf5 34. Qh3+ Ke4 35. Qg4+ Kd3 36. Qxg6+ Qxg6 37. Ne5+ Ke2 38. Nxg6 Bxg6 39.
Na3 Kd2 40. Rxc5 Bf7 41. Rxc7 Be6 42. Rc3 Bd5 43. Nb1+ Kd1 44. Rd3+ 1-0

[Event "AUTO-INT-3402"]
[Site "http://www.queenalice.com/game.php?id=1556647"]
[Date "2019.1.14"]
[Round "1"]
[White "italomachado"]
[Black "Tungstenio"]
[Result "1-0"]
[WhiteElo "1504"]
[BlackElo "1467"]

1. e4 e6 2. Qf3 Nf6 3. d3 c5 4. Bg5 h6 5. Qh3 Qa5+ 6. c3 Ng4 7. Qxg4 h5 8. Qf3
c4 9. dxc4 Qxg5 10. h3 g6 11. Nd2 Bc5 12. e5 Nc6 13. Ne4 Bxf2+ 14. Qxf2 Qxe5 15.
Bd3 d5 16. Nf3 Qc7 17. Qe2 dxe4 18. Bxe4 Ne5 19. Ng5 f6 20. Nf3 Rg8 21. g4 Nxc4
22. Rg1 f5 23. gxf5 Nd6 24. fxe6 Nxe4 25. Qxe4 Rg7 26. Ng5 Qh2 27. Qa4+ Ke7 28.
Qb4+ Qd6 29. Qe4 Kf6 30. Rd1 Qc5 31. Rf1+ Ke7 32. Rf7+ Ke8 33. Rxg7 Qxg5 34.
Qa4+ b5 35. Qe4 Rb8 36. Qc6+ Kf8 37. Rf7+ Kg8 38. Qe8# 1-0

[Event "AUTO-INT-3402"]
[Site "http://www.queenalice.com/game.php?id=1556648"]
[Date "2019.1.14"]
[Round "1"]
[White "Tungstenio"]
[Black "italomachado"]
[Result "1-0"]
[WhiteElo "1452"]
[BlackElo "1519"]

1. Nf3 e6 2. d4 c6 3. Bf4 d6 4. c4 Na6 5. e3 d5 6. Na3 Qa5+ 7. Nd2 Bd7 8. Qb3
Bb4 9. Nb1 c5 10. cxd5 Ba4 11. Qc4 exd5 12. Qxd5 Ne7 13. Qe5 f6 14. Qe6 cxd4 15.
exd4 Nc7 16. Qc4 Rd8 17. Bxc7 Bxd2+ 18. Nxd2 b6 19. b4 Qd5 20. Qa6 O-O 21. Qxa4
Rfe8 22. Bxd8 Rxd8 23. Qxa7 Re8 24. Qa3 Qxd4 25. Bc4+ Kf8 26. Rd1 Nf5+ 27. Be2
b5 28. Nf3 Qe4 29. O-O g5 30. Qd3 Qg4 31. Qxb5 Nh4 32. Nxh4 Qxh4 33. Qc5+ Kg7
34. Rd2 g4 35. Qb5 f5 36. Qxe8 g3 37. Qd7+ Kg6 38. Qd6+ Kg5 39. hxg3 Qh6 40. f4#
1-0

[Event "AUTO-INT-3402"]
[Site "http://www.queenalice.com/game.php?id=1556663"]
[Date "2019.1.14"]
[Round "1"]
[White "Tungstenio"]
[Black "NickThorp"]
[Result "0-1"]
[WhiteElo "1471"]
[BlackElo "1615"]

1. Nf3 d5 2. Nc3 Nf6 3. d3 Nc6 4. Be3 Bg4 5. h3 Bh5 6. a3 e6 7. b4 Bxf3 8. exf3
d4 9. Bd2 dxc3 10. Bxc3 Be7 11. b5 Nb8 12. d4 Nd5 13. Bb2 O-O 14. Bc4 a6 15.
bxa6 Nxa6 16. O-O Nf4 17. g3 Nxh3+ 18. Kh2 Ng5 19. f4 Ne4 20. Qd3 Nf6 21. Rae1
Ng4+ 22. Kg1 Bf6 23. Re4 c5 24. Qe2 Nh6 25. g4 Bxd4 26. c3 f5 27. gxf5 Bf6 28.
Bxe6+ Kh8 29. Rd1 Qc7 30. Rd7 Qc6 31. f3 Rfe8 32. c4 Nb8 33. Rd3 Bxb2 34. Qxb2
Na6 35. Bd5 Qc7 36. Rxe8+ Rxe8 37. Rd1 Qxf4 38. Qxb7 Qd6 39. Qb5 Nc7 40. Qb7
Nxf5 41. Qb3 Nxd5 42. cxd5 Nd4 43. Qc4 Nxf3+ 44. Kf2 Nd4 45. Re1 Qf4+ 46. Kg2
Rxe1 47. Qc3 Re2+ 48. Kg1 Qf2+ 0-1

[Event "AUTO-INT-3402"]
[Site "http://www.queenalice.com/game.php?id=1556664"]
[Date "2019.1.14"]
[Round "1"]
[White "NickThorp"]
[Black "Tungstenio"]
[Result "0-1"]
[WhiteElo "1660"]
[BlackElo "1442"]

1. e4 Nc6 2. d4 d6 3. Nf3 Nf6 4. Nc3 g6 5. Bb5 Bg7 6. Bg5 h6 7. Bxf6 Bxf6 8. h3
a6 9. Bxc6+ bxc6 10. O-O Rb8 11. e5 dxe5 12. dxe5 Qxd1 13. Raxd1 Bg7 14. Rfe1 f5
15. b3 f4 16. Re4 Rf8 17. a4 g5 18. Ne2 Bf5 19. Rc4 g4 20. hxg4 Rd8 21. Rxd8+
Kxd8 22. Nxf4 Bxg4 23. Nh3 h5 24. Nhg5 Kd7 25. Rd4+ Ke8 26. Nh2 Be2 27. Ne6 Kf7
28. Nxf8 Kxf8 29. f4 h4 30. e6 Bxd4+ 31. Kh1 Bd1 32. g4 Bxc2 33. Nf3 Bf2 34. Ne5
Bxb3 35. Nxc6 Bxe6 36. f5 Bd5+ 0-1

[Event "AUTO-INT-3402"]
[Site "http://www.queenalice.com/game.php?id=1556665"]
[Date "2019.1.14"]
[Round "1"]
[White "Tungstenio"]
[Black "Zanocovsky"]
[Result "0-1"]
[WhiteElo "1440"]
[BlackElo "1690"]

1. Nf3 Nf6 2. g3 g6 3. e3 Bg7 4. d4 d5 5. Bg2 O-O 6. O-O Nc6 7. b3 Bf5 8. Nc3 e6
9. a4 Ne4 10. Ne2 e5 11. Ba3 Re8 12. Rc1 Na5 13. Nxe5 Bxe5 14. dxe5 Rxe5 15. f4
Re8 16. Nd4 Qf6 17. Bb2 Qe7 18. c4 Nxg3 19. Nxf5 Nxf5 20. Bxd5 Nxe3 21. Qd2 Nxb3
22. Qc2 Nxc2 23. Rxc2 Qe3+ 24. Rff2 c6 25. Rc3 Qe1+ 26. Kg2 Nc5 27. Rc1 Qxf2+
28. Kxf2 Nd3+ 29. Kg2 Nxc1 30. Bxc1 cxd5 0-1

[Event "AUTO-INT-3402"]
[Site "http://www.queenalice.com/game.php?id=1556666"]
[Date "2019.1.14"]
[Round "1"]
[White "Zanocovsky"]
[Black "Tungstenio"]
[Result "1-0"]
[WhiteElo "1696"]
[BlackElo "1434"]

1. e4 Nf6 2. e5 Nd5 3. c4 Nb6 4. d4 g6 5. Nf3 e6 6. Be2 Bg7 7. Nc3 O-O 8. O-O d5
9. c5 Nc4 10. Bxc4 dxc4 11. b3 c6 12. bxc4 Nd7 13. Bf4 h6 14. Qd2 b6 15. Bxh6
bxc5 16. Bxg7 Kxg7 17. Ng5 Nb6 18. Nce4 Qxd4 19. Rac1 Ba6 20. Qxd4 cxd4 21. Nd6
f6 22. Nxe6+ Kg8 23. Nxf8 Rxf8 24. exf6 Rxf6 25. Ne4 Rf5 26. Ng3 Ra5 27. Rfd1
Nxc4 28. Rxd4 Rc5 29. Ne4 Rd5 30. Nf6+ Kg7 31. Nxd5 Na3 32. Nc7 Bc8 33. Ra4 1-0

[Event "sacode #2"]
[Site "http://www.queenalice.com/game.php?id=1557919"]
[Date "2019.1.24"]
[Round "-"]
[White "Tungstenio"]
[Black "nsarquis"]
[Result "0-1"]
[WhiteElo "1454"]
[BlackElo "1665"]

1. e4 e6 2. Nf3 c5 3. g3 d5 4. Qe2 a6 5. Nc3 Ne7 6. Bg2 g6 7. d3 Bg7 8. O-O O-O
9. Bf4 Nbc6 10. a4 d4 11. Nd1 e5 12. Bg5 f6 13. Bd2 Bg4 14. h3 Bxf3 15. Qxf3 b5
16. b3 b4 17. Nb2 f5 18. Bg5 fxe4 19. Qxe4 Qd7 20. Bxe7 Nxe7 21. Qb7 Ra7 22. Qe4
a5 23. Nc4 Qc7 24. Rae1 Nf5 25. f4 Nxg3 26. Qf3 Nxf1 27. Rxf1 exf4 28. Qd5+ Kh8
29. Nd6 Ra6 30. Nb5 Qe7 31. Be4 g5 32. Rf2 h5 33. Rg2 Rd8 34. Qf5 Bh6 35. Kf1
Rf6 36. Nd6 Rxf5 37. Nxf5 Qe6 38. h4 g4 39. c3 dxc3 40. Re2 f3 41. Bxf3 Qxf5 42.
Ke1 gxf3 43. Rf2 Re8+ 44. Kd1 Qxd3+ 0-1

[Event "🥊"]
[Site "http://www.queenalice.com/game.php?id=1559629"]
[Date "2019.2.4"]
[Round "-"]
[White "Tungstenio"]
[Black "Nickerson"]
[Result "0-1"]
[WhiteElo "1424"]
[BlackElo "2084"]

1. e4 d6 2. d3 Nf6 3. g3 e5 4. Nf3 Be7 5. Bg5 O-O 6. Bg2 Be6 7. O-O h6 8. Bxf6
Bxf6 9. Nc3 c6 10. b4 d5 11. a3 d4 12. Ne2 Nd7 13. c3 dxc3 14. Nxc3 Nb6 15. Rc1
Nd7 16. b5 c5 17. Qd2 Bg4 18. Nd5 Rc8 19. a4 Bxf3 20. Bxf3 Bg5 21. Ne3 Nf6 22.
h4 Bxe3 23. Qxe3 b6 24. a5 Ne8 25. Bg4 Rc7 26. f4 exf4 27. Rxf4 g5 28. hxg5 hxg5
29. Rf2 Ng7 30. Qd2 Ne6 31. axb6 axb6 32. Bxe6 fxe6 33. Rxf8+ Kxf8 34. Rf1+ Rf7
35. Qe2 g4 36. Qxg4 Rxf1+ 37. Kxf1 Qxd3+ 38. Qe2 Qxg3 39. Qf2+ Qxf2+ 40. Kxf2
Kf7 41. Ke3 Kg6 42. Kd3 Kg5 43. Ke3 Kg4 44. Ke2 Kf4 45. Kd3 Kf3 46. e5 Kf4 47.
Ke2 Kxe5 48. Kf3 Kd4 49. Kf4 c4 50. Kg5 c3 51. Kf6 c2 0-1

[Event "white the f*ck?"]
[Site "http://www.queenalice.com/game.php?id=1560774"]
[Date "2019.2.12"]
[Round "-"]
[White "nsarquis"]
[Black "Tungstenio"]
[Result "0-1"]
[WhiteElo "1698"]
[BlackElo "1422"]

1. e4 e6 2. d4 Nh6 3. a3 g6 4. e5 Bg7 5. c4 O-O 6. Nf3 d6 7. Bg5 f6 8. exf6 Bxf6
9. Bxh6 Rf7 10. h4 e5 11. dxe5 dxe5 12. Qxd8+ Bxd8 13. Nc3 Bf5 14. Nxe5 Re7 15.
f4 Nc6 16. Be2 Nxe5 17. O-O-O Ng4 18. Rhe1 Nxh6 19. c5 c6 20. Bc4+ Nf7 21. Rxe7
Bxe7 22. Rd7 Bxd7 0-1

[Event "Challenge"]
[Site "http://www.queenalice.com/game.php?id=1561246"]
[Date "2019.2.16"]
[Round "-"]
[White "Tungstenio"]
[Black "dejami"]
[Result "1-0"]
[WhiteElo "1447"]
[BlackElo "1815"]

1. c4 e6 2. d3 Qf6 3. Nf3 h6 4. e4 Ne7 5. Nc3 Nec6 6. g4 g5 7. Bg2 Bc5 8. O-O b6
9. Be3 Na6 10. Bxc5 Nxc5 11. Rc1 Qg6 12. a3 Nb7 13. Nb5 Kd8 14. a4 a6 15. Nbd4
Qf6 16. Nxc6+ dxc6 17. Qd2 Rg8 18. e5 Qe7 19. Nd4 Qc5 20. Nb3 Qf8 21. Bxc6 Ra7
22. Rce1 Nc5 23. Nd4 a5 24. f4 Qe7 25. h3 Bb7 26. Qc2 Bxc6 27. Nxc6+ Kd7 28.
Nxe7 Kxe7 29. d4 Nb7 30. Qh7 Raa8 31. fxg5 Raf8 32. gxh6 Rh8 33. Qe4 Nd8 34. g5
Rfg8 35. Qf4 Rxh6 36. h4 Rh5 37. Qf6+ Ke8 38. Qf3 Rxh4 39. Qg3 Rh7 40. Re4 Rhg7
41. Rg4 Nc6 42. Rd1 Ne7 43. Kf2 Nf5 44. Qf3 Kd7 45. d5 Ke7 46. Rf4 Rxg5 47. d6+
cxd6 48. Qb7+ Kf8 49. exd6 Rg2+ 50. Qxg2 Rxg2+ 51. Kxg2 Ne3+ 52. Kg3 Nxd1 53. d7
Ke7 54. Rd4 Ne3 55. d8=Q# 1-0

[Event "Challenge"]
[Site "http://www.queenalice.com/game.php?id=1561247"]
[Date "2019.2.16"]
[Round "-"]
[White "dejami"]
[Black "Tungstenio"]
[Result "1-0"]
[WhiteElo "1738"]
[BlackElo "1428"]

1. e4 e5 2. Bc4 Qe7 3. Nf3 Nf6 4. Ng5 Qc5 5. d3 Ng4 6. Qxg4 f6 7. Nf7 Rg8 8. Nh6
Rh8 9. Nf7 Rg8 10. Qf3 g5 11. Qh5 Rg6 12. Be3 Qa5+ 13. c3 Bc5 14. Qxh7 Bxe3 15.
Qh8+ Ke7 16. Qd8# 1-0

[Event "Let's Play Chess4!"]
[Site "http://www.queenalice.com/game.php?id=1567799"]
[Date "2019.4.16"]
[Round "-"]
[White "Tungstenio"]
[Black "sasquatico"]
[Result "0-1"]
[WhiteElo "1449"]
[BlackElo "1864"]

1. e4 e5 2. g4 d5 3. Bg2 d4 4. Ne2 Bxg4 5. f3 Bh5 6. Ng3 Qh4 7. O-O Bc5 8. d3
Bg6 9. Qd2 Nc6 10. c3 Nf6 11. c4 Nh5 12. Nf5 Bxf5 13. exf5 Nf4 14. Qf2 Qxf2+ 15.
Rxf2 Nxd3 16. Rc2 Nf4 17. Rd2 d3+ 18. Kf1 Nxg2 19. Rxg2 O-O-O 20. Rxg7 f6 21. a3
Nd4 22. Nd2 Nxf5 23. Rf7 Rdf8 24. Rxf8+ Rxf8 25. Ke1 Rg8 26. b4 Bd4 27. Rb1 Bc3
28. Rb3 Rg1+ 29. Kf2 Rxc1 0-1

[Event "B"]
[Site "http://www.queenalice.com/game.php?id=1568032"]
[Date "2019.4.17"]
[Round "-"]
[White "Tungstenio"]
[Black "E5150"]
[Result "0-1"]
[WhiteElo "1447"]
[BlackElo "1604"]

1. e4 e6 2. Ne2 d5 3. Nbc3 d4 4. Na4 b5 5. b3 bxa4 6. bxa4 e5 7. c3 Bc5 8. Bb2
Nf6 9. a5 Nxe4 10. Qa4+ Bd7 11. Qc4 dxc3 12. dxc3 Bxf2+ 13. Kd1 Bb5+ 0-1